| 000 | 00625nam a2200229Ia 4500 | ||
|---|---|---|---|
| 005 | 20250326144518.0 | ||
| 008 | 250326s9999 xx 000 0 und d | ||
| 020 | _a0-618-64372-9 | ||
| 037 | _aTextbook | ||
| 040 |
_aFMSL _beng _cFMSL |
||
| 041 |
_aeng _2eng |
||
| 084 |
_aX:321:(SNI) P4;P7 _qFMSL |
||
| 100 |
_aHoyer W D _9743835 |
||
| 245 | 0 |
_aConsumer behavior _cHoyer W D; Maclnnis D J |
|
| 250 | _a4 | ||
| 260 |
_aN _bN, Y Houghton Miffin _c2007 |
||
| 300 | _axxiv,531 | ||
| 365 | _b6753.3000000000002 | ||
| 650 | _aStatistics | ||
| 942 |
_cTB _hX:321:(SNI) P4;P7 |
||
| 999 |
_c1303991 _d1303991 |
||